Định mức kỹ thuật và công tác dự toán trong xây dựng /

Nguyên lý định mức kỹ thuật trong xây dựng cơ bản: quá trình xây dựng và sản phẩm xây dựng; Phân tích chi phí thời gian... Công tác dự toán trong xây dựng cơ bản...

Sparad:
Bibliografiska uppgifter
Huvudupphovsman: Nguyễn Tài Cảnh.
Övriga upphovsmän: Đặng Nghiêm Chính.
Materialtyp: Bok
Språk:Vietnamese
Publicerad: Hà Nội : Giao thông vận tải, 1998.
Ämnen:
Taggar: Lägg till en tagg
Inga taggar, Lägg till första taggen!
Thư viện lưu trữ: Mạng thư viện Đại học Đà Nẵng
LEADER 01293cam a2200385 i 4500
001 000046994
003 6514
005 20030929135426.0
008 010306b1998 vm 000 vie
020 |c 35000 
022 |a T 
040 |a IRC  |c IRC  |d IRC 
041 0 |a vie 
082 1 4 |a 690.0218  |b NG-C 
100 1 |a Nguyễn Tài Cảnh. 
245 0 0 |a Định mức kỹ thuật và công tác dự toán trong xây dựng /  |c Nguyễn Tài Cảnh, Đặng Nghiêm Chính. 
260 |a Hà Nội :  |b Giao thông vận tải,  |c 1998. 
300 |a 284tr. ;  |c 27cm. 
520 3 |a Nguyên lý định mức kỹ thuật trong xây dựng cơ bản: quá trình xây dựng và sản phẩm xây dựng; Phân tích chi phí thời gian... Công tác dự toán trong xây dựng cơ bản... 
630 0 4 |a Xây dựng. 
630 0 4 |a Định mức dự toán. 
630 0 4 |a Định mức kỹ thuật. 
650 0 4 |a Xây dựng  |x Định mức kỹ thuật. 
650 0 4 |a Xây dựng  |x Công tác dự toán. 
700 1 |a Đặng Nghiêm Chính. 
OWN |a DUT 
999 |a From the UDN01 
TYP |a Monograph 
TYP |a Printed language 
980 |a Mạng thư viện Đại học Đà Nẵng